|
|
|
|
| LEADER |
00000cam a2200000 a 4500 |
| 001 |
vtls010614235 |
| 003 |
SK-MaSNL |
| 005 |
20260302060652.0 |
| 008 |
240315s2014 xo a b 000 0 slo |
| 015 |
|
|
|a SNBA2014/09
|
| 020 |
|
|
|a 9788010025923
|q (brož.)
|
| 035 |
|
|
|a 794F3107-A39D-4336-9CF6-E6FE8D78A480
|
| 035 |
|
|
|a urn:nbn:sk:snk-amkcu5
|
| 035 |
|
|
|a urn:nbn:sk:snk-am008bst
|
| 040 |
|
|
|a SNK
|b slo
|c SNK
|e AACR2
|
| 041 |
0 |
|
|a slo
|
| 044 |
|
|
|a xo
|c SK
|
| 072 |
|
7 |
|a 37.016
|x Učebné osnovy. Vyučovacie predmety. Učebnice
|2 konspekt
|
| 080 |
|
|
|a 37.016:001.101-028.31
|2 2001
|
| 080 |
|
|
|a (075.2)
|2 2001
|
| 080 |
|
|
|a (076.1)
|2 2001
|
| 100 |
1 |
|
|a Rosskopfová, Eva
|4 aut
|9 46585
|
| 245 |
1 |
0 |
|a Vecné učenie
|b pre 1., 2., 3. ročník špeciálnych základných škôl
|c [Eva Rosskopfová ; ilustrácie Daniela Ondreičková]
|
| 250 |
|
|
|a 13. vyd.
|
| 260 |
|
|
|a Bratislava
|b Slovenské pedagogické nakladateľstvo - Mladé letá
|c 2014
|
| 300 |
|
|
|a 36, 35 l.
|b fareb. ilustr.
|c 30 cm
|
| 500 |
|
|
|a Názov z obalu
|
| 500 |
|
|
|a Zlepené listy v prebale - po odlepení sa dá s nimi pracovať sko s voľným listami
|
| 650 |
0 |
7 |
|a prvouka
|2 SNKPH
|9 3651
|
| 650 |
0 |
7 |
|a Elementary school teaching
|2 SNKPHeng
|9 335841
|
| 650 |
0 |
7 |
|a vecné učenie
|2 SNKPH
|9 71357
|
| 650 |
0 |
7 |
|a Basic school teaching
|2 SNKPHeng
|9 348137
|
| 655 |
|
7 |
|a učebnice špeciálnych základných škôl
|2 SNKPH
|9 70204
|
| 655 |
|
7 |
|a pracovné listy
|2 SNKPH
|9 70565
|
| 655 |
|
7 |
|a Textbooks specialis (elementary)
|2 SNKPHeng
|9 501815
|
| 655 |
|
7 |
|a Activity pages
|2 SNKPHeng
|9 303110
|
| 700 |
1 |
|
|a Ondreičková, Daniela,
|d 1951-
|4 ill
|9 193858
|
| 852 |
|
|
|a Štátna vedecká knižnica v Banskej Bystrici
|
| 919 |
|
|
|a 978-80-10-02592-3
|
| 999 |
|
|
|c 1122113
|d 1124043
|
| 952 |
|
|
|a SNK
|b SNK
|y PREZ
|7 0
|p 17A1115372
|o snkSB 87037
|i snk2014/17988
|8 0
|0 0
|1 0
|4 0
|d 2014-09-03
|f 1
|l 0
|r 2025-05-07 00:00:00
|w 2026-02-24
|
| 952 |
|
|
|a SNK
|b SNK
|y PREZ
|7 0
|p 17A1115371
|o snkSB 87037 D1
|i snk2014/17989
|8 0
|0 0
|1 0
|4 0
|d 2014-09-03
|l 0
|r 2016-06-30 00:00:00
|w 2026-02-24
|